ဗုဒ္ဓဋ္ဌာနလမ်းညွှန်မြေပုံများ / (Record no. 16800)

000 -LEADER
fixed length control field 01046nam a2200217Ia 4500
003 - CONTROL NUMBER IDENTIFIER
control field OSt
005 - DATE AND TIME OF LATEST TRANSACTION
control field 20251208091005.0
007 - PHYSICAL DESCRIPTION FIXED FIELD--GENERAL INFORMATION
fixed length control field ca aa aaaaa
008 - FIXED-LENGTH DATA ELEMENTS--GENERAL INFORMATION
fixed length control field 201103s9999 xx 000 0 und d
040 ## - CATALOGING SOURCE
Transcribing agency SSBUL
041 ## - LANGUAGE CODE
Language code of text/sound track or separate title bur
082 ## - DEWEY DECIMAL CLASSIFICATION NUMBER
Edition number 23
Classification number ၂၉၄.၃၀၉၅၄
Item number S-SAT
100 0# - MAIN ENTRY--PERSONAL NAME
Personal name ဂမ္ဘီရဗုဒ္ဓိ အရှင်၊ ဗာရာဏသီ-
9 (RLIN) 54916
245 10 - TITLE STATEMENT
Title ဗုဒ္ဓဋ္ဌာနလမ်းညွှန်မြေပုံများ /
Statement of responsibility, etc. ဗာရာဏသီ အရှင်ဂမ္ဘီရဗုဒ္ဓိ။
260 ## - PUBLICATION, DISTRIBUTION, ETC.
Place of publication, distribution, etc. ရန်ကုန် ၊
Name of publisher, distributor, etc. ဇွန်ပန်းခိုင်စာပေ၊
Date of publication, distribution, etc. [ခုနှစ်မပါ]။
300 ## - PHYSICAL DESCRIPTION
Extent ၁၂၈ စာမျက်နှာ ၊
Other physical details ဓါတ်ပုံများ၊ မြေပုံ ၊
Dimensions ၂၄ စင်တီ။
500 ## - GENERAL NOTE
General note S-SAT: Dr. Sai Aung Tun
650 ## - SUBJECT ADDED ENTRY--TOPICAL TERM
Topical term or geographic name entry element ဗုဒ္ဓဂယာ
General subdivision လမ်းညွှန်
9 (RLIN) 54917
Topical term or geographic name entry element ဗုဒ္ဓဂယာ
General subdivision မြေပုံ
9 (RLIN) 54918
942 ## - ADDED ENTRY ELEMENTS (KOHA)
Source of classification or shelving scheme
Koha item type Book (Short term)
Holdings
Withdrawn status Lost status Source of classification or shelving scheme Damaged status Not for loan Collection code Permanent Location Current Location Shelving location Date acquired Total Checkouts Full call number Barcode Date last seen Price effective from Koha item type Accession
          Special Collections Shan State Buddhist University Library Shan State Buddhist University Library Special Collection Shelves 15/02/2023   ၂၉၄.၃၀၉၅၄ ဂမ် ၉၃၀၅ S-SAT MB00009305 15/02/2023 15/02/2023 Book (Short term) ၉၃၀၅ S-SAT

Library - 09407999929
Admin Office - 09407999979
Dean Office - 09250910768
Registrar Office - 09892297154
Email - [email protected]
Shan State Buddhist University, Phaya Phyu Taunggyi, Shan State, Myanmar.